Economic growth and resources

সংরক্ষণ করুন:
গ্রন্থ-পঞ্জীর বিবরন
প্রধান লেখক: Adelman, Irma
বিন্যাস: গ্রন্থ
ভাষা:Undetermined
প্রকাশিত: New York The MacMillan Press 1979
বিষয়গুলি:
ট্যাগগুলো: ট্যাগ যুক্ত করুন
কোনো ট্যাগ নেই, প্রথমজন হিসাবে ট্যাগ করুন!
Thư viện lưu trữ: Trung tâm Học liệu Trường Đại học Cần Thơ
LEADER 00503nam a2200193Ia 4500
001 CTU_81799
008 210402s9999 xx 000 0 und d
082 |a 330.9 
082 |b A229 
100 |a Adelman, Irma 
245 0 |a Economic growth and resources 
245 0 |c Irma Adelman 
260 |a New York 
260 |b The MacMillan Press 
260 |c 1979 
650 |a Economic policy 
650 |x Congresses 
904 |i Trọng Hải 
980 |a Trung tâm Học liệu Trường Đại học Cần Thơ